00601nam a22002057a 450000500170000001000130001702000210003003500130005103700160006404000120008008200170009210000280010924500680013726000370020527000330024230000240027550000500029965000240034965000220037320170124105930.0 aA-372184 c00.00a812020235 aA-372184 bCen Lib/Ret aDPLbEN a330.954bKHA aKhan, M. Basheer Ahmed  aPerspectives on new economic policy /cby M. Basheer Ahmed Khan aDelhibAjanta Publicationsc1989 aJawahar NagarbDelhie110007 axiv,128p.c21cm(Hb) aIncludes bibliographical references and index aIndia -- Industries aCommercial policy